ՀՀ Գիտությունների ազգային ակադեմիայի հիմնարար գիտական գրադարան  =   Fundamental Scientific Library of NAS RA

Высокопроизводительные методы ковки / (Record no. 511562)

MARC details
000 -LEADER
fixed length control field 01053nam a22002291a 4500
003 - CONTROL NUMBER IDENTIFIER
control field AM-YEHGA
001 - CONTROL NUMBER
control field 1614868
005 - DATE AND TIME OF LATEST TRANSACTION
control field 20250617163724.0
008 - FIXED-LENGTH DATA ELEMENTS--GENERAL INFORMATION
fixed length control field 190607s1961 ru d|||fr||||u000|||rus||
040 ## - CATALOGING SOURCE
Original cataloging agency AM-YeHGA
041 0# - LANGUAGE CODE
Language code of text/sound track or separate title rus
044 ## - COUNTRY OF PUBLISHING/PRODUCING ENTITY CODE
MARC country code ru
090 ## - LOCALLY ASSIGNED LC-TYPE CALL NUMBER (OCLC); LOCAL CALL NUMBER (RLIN)
-- 515062
100 1# - MAIN ENTRY--PERSONAL NAME
Personal name Коваленко, Григорий Михайлович
245 00 - TITLE STATEMENT
Title Высокопроизводительные методы ковки /
Statement of responsibility, etc. Г. М. Коваленко.
260 ## - PUBLICATION, DISTRIBUTION, ETC.
Place of publication, distribution, etc. Москва ;
-- Свердловск :
Name of publisher, distributor, etc. Машгиз. [Урало-Сиб. отд-ние],
Date of publication, distribution, etc. 1961.
300 ## - PHYSICAL DESCRIPTION
Extent 55 с. :
Other physical details ил. ;
Dimensions 20 см.
490 0# - SERIES STATEMENT
Series statement Бибиотека рабочего-машиностроителя. Передовая техника - основа коммунистического труда ;
Volume/sequential designation Вып. 9
500 ## - GENERAL NOTE
General note Автор - кузнец-новатор Уралмашзавода.
650 14 - SUBJECT ADDED ENTRY--TOPICAL TERM
Topical term or geographic name entry element Кузнечное производство
General subdivision Внедрение передовой технологии и техники
942 ## - ADDED ENTRY ELEMENTS (KOHA)
Source of classification or shelving scheme Universal Decimal Classification
Koha item type Գրքեր / Books
Holdings
Withdrawn status Lost status Damaged status Not for loan Collection Home library Current library Date acquired Total checkouts Full call number Barcode Date last seen Price effective from Koha item type Public note
        General Fundamental Scientific Library Fundamental Scientific Library 08/07/2021   РII/55869 FL0652261 08/07/2021 08/07/2021 Գրքեր / Books 30 Days Loan


ՀՀ ԳԱԱ հիմնարար գիտական գրադարան
ՀՀ,Երևան 0019
Մարշալ Բաղրամյան 24/6
հեռախոս:(374-10) 52-47-50
Հետադարձ կապ

All site content, except where otherwise noted, is licensed under a
Creative Commons License